Ir para o conteúdo

Экзистенциальный анализ. Экзистенциальные подходы в психотерапии

В последние десятилетия экзистенциальный анализ, основоположником которого был Виктор Франкл, вышел за рамки первоначальной логотерапевтической концепции и получил широкое применение и развитие. Было дополнено понятие экзистенции, а также коренным образом изменились представление о человеке и сам по...

ver descrição completa

Na minha lista:
Detalhes bibliográficos
Autor principal: Лэнгле, А. (070)
Formato: Книга
Assuntos:
Acesso em linha:Перейти к просмотру издания
Tags: Adicionar Tag
Sem tags, seja o primeiro a adicionar uma tag!
LEADER 02495nam0a2200337 4500
001 RU/IPR SMART/123795
856 4 |u https://www.iprbookshop.ru/123795.html  |z Перейти к просмотру издания 
801 1 |a RU  |b IPR SMART  |c 20250903  |g RCR 
010 |a 978-5-89353-598-3 
205 |a Экзистенциальный анализ. Экзистенциальные подходы в психотерапии  |b 2025-09-26 
333 |a Гарантированный срок размещения в ЭБС до 26.09.2025 (автопролонгация) 
100 |a 20250903d2020 k y0rusy01020304ca 
105 |a y j 000zy 
101 0 |a rus 
102 |a RU 
200 1 |a Экзистенциальный анализ. Экзистенциальные подходы в психотерапии  |f А. Лэнгле  |g перевод Е. Б. Амбарнова 
700 1 |a Лэнгле,   |b А.  |4 070 
702 1 |a Амбарнова,   |b Е. Б.  |4 730 
330 |a В последние десятилетия экзистенциальный анализ, основоположником которого был Виктор Франкл, вышел за рамки первоначальной логотерапевтической концепции и получил широкое применение и развитие. Было дополнено понятие экзистенции, а также коренным образом изменились представление о человеке и сам подход к экзистенциальной психотерапии. Данная книга является фундаментальным трудом по экзистенциальному анализу. В ней представлено систематическое изложение содержания и методов экзистенциально-аналитического консультирования и терапии. 
210 |a Москва  |c Когито-Центр  |d 2020 
610 1 |a экзистенциальный анализ 
610 1 |a психотерапия 
675 |a 159.9 
686 |a 88  |2 rubbk 
300 |a Книга находится в премиум-версии IPR SMART. 
106 |a s 
230 |a Электрон. дан. (1 файл) 
336 |a Текст 
337 |a электронный 
503 0 |a Доступна эл. версия. IPR SMART 
215 |a 322 с.